000 00832nam a22002297a 4500
999 _c757
_d757
003 AR-CdUCM
008 190225b ||||| |||| 00| 0 spa d
040 _aMUNICIPALIDAD PROVINCIAL DEL CUSCO
_cBIBLIOTECA MUNICIPAL DEL CUSCO
041 _heng.
082 _a895.1 /
_bW32
100 _aWatson Jr, Charles N.
_92904
245 _aLas novelas de Jack London :
_bUna revaluación /
260 _aMéxico :
_bThe university of Wisconsin press, Noema editores,
_c1986.
300 _a307 páginas ;
_c21 cm.
500 _aTitulo en ingles: The novels of Jack London
505 _aUn apasionado realismo -- Costumbres en las tierras del norte -- El perro fantasma ...
650 _aNovela.
_95
650 _aEstados Unidos.
_91805
700 _aMoreno C., Elisa (traductora)
_92905
942 _2ddc
_cLIBROS
945 _amvr
_d2019-02-25